00409 2200169 4500001002100000005001500021008004100036035001900077041000700096082001000103090001600113100002100129245002000150260002600170300002800196650001500224INLIS00000000000220120241224112508241224||||||||| | ||| |||| || |  0010-1224002201 aid0 a597.9 a597.9 FIR m0 aRikky Firmansyah00aMengenal Reptil aBandungbPuri Pustaka avi,70 hlm.:ilus.;20 cm. 0aIlmu Murni